| 000 | 01166cam a2200325 i 4500 | ||
|---|---|---|---|
| 999 |
_c200443898 _d62110 |
||
| 001 | 200443898 | ||
| 003 | TR-AnTOB | ||
| 005 | 20220419091701.0 | ||
| 007 | ta | ||
| 008 | 041231b tu d b 000 0 tur d | ||
| 035 | _a(TR-AnTOB)200443898 | ||
| 040 |
_aITU _beng _erda _cITU _dTR-AnTOB |
||
| 041 | 0 | _atur | |
| 050 | 4 |
_aHD4276.7 _b.A48 |
|
| 090 |
_aHD4276.7 _b.A48 |
||
| 100 | 1 |
_aAktan, Coşkun Can, _d1963- _eauthor _926742 |
|
| 245 | 1 | 0 |
_aKİT yeniden yapılanma ve özelleştirme stratejisi : _bTürkiye için bir model ve stratejik planlama önerisi / _cCoşkun Can Aktan. |
| 264 | 1 |
_aAnkara : _bTİSK, _c[date of publication not identified] |
|
| 300 |
_a44 pages : _btables ; _c23 cm |
||
| 336 |
_atext _btxt _2rdacontent |
||
| 337 |
_aunmediated _bn _2rdamedia |
||
| 338 |
_avolume _bnc _2rdacarrier |
||
| 490 | 0 |
_aTürkiye İşveren Sendikaları Konfederasyonu ; _vyayın no:139. |
|
| 650 | 7 |
_aKamu iktisadi teşebbüsleri _zTürkiye _2etuturkob _985507 |
|
| 650 | 7 |
_aÖzelleştirme _zTürkiye _2etuturkob _96512 |
|
| 710 | 2 |
_aTürkiye İşveren Sendikaları Konfederasyonu _919124 |
|
| 942 |
_2lcc _cBK |
||